000 00281nam a22001217a 4500
008 170228b xxu||||| |||| 00| 0 eng d
041 _aeng
080 _24 ED
_a616.8 006
100 _a6
101 _aSHM
245 _aPRINCIPLES ANALGESIC PAIN CANCER
_cMAX.M.B
942 _2udc
_cBK
999 _c6396
_d6396